<?xml version="1.0" encoding="UTF-8"?>
<collection xmlns:xsi="http://www.w3.org/2001/XMLSchema-instance" xsi:schemaLocation="http://www.loc.gov/MARC21/slim http://www.loc.gov/standards/marcxml/schema/MARC21slim.xsd" xmlns="http://www.loc.gov/MARC21/slim">
 <record>
  <leader>00000nam a2200000 i 4500</leader>
  <controlfield tag="001">UP-1685954869149712111</controlfield>
  <controlfield tag="003">Buklod</controlfield>
  <controlfield tag="005">20240321172847.0</controlfield>
  <controlfield tag="006">a     r    |||| u|</controlfield>
  <controlfield tag="007">ta</controlfield>
  <controlfield tag="008">240311s2023    sz    m o   bu000 0 eng d</controlfield>
  <datafield tag="020" ind1=" " ind2=" ">
   <subfield code="a">9783031271328</subfield>
  </datafield>
  <datafield tag="035" ind1=" " ind2=" ">
   <subfield code="a">(OCoLC)1377291968</subfield>
  </datafield>
  <datafield tag="040" ind1=" " ind2=" ">
   <subfield code="a">DLC</subfield>
   <subfield code="d">DNIMBB</subfield>
   <subfield code="e">rda</subfield>
  </datafield>
  <datafield tag="041" ind1="0" ind2=" ">
   <subfield code="a">eng</subfield>
  </datafield>
  <datafield tag="090" ind1=" " ind2=" ">
   <subfield code="a">QH 506</subfield>
   <subfield code="b">C37 2023</subfield>
  </datafield>
  <datafield tag="100" ind1="1" ind2=" ">
   <subfield code="a">Carlberg, Carsten</subfield>
   <subfield code="e">author.</subfield>
  </datafield>
  <datafield tag="245" ind1="1" ind2="0">
   <subfield code="a">Molecular medicine</subfield>
   <subfield code="b">how science works</subfield>
   <subfield code="c">Carsten Carlberg, Eunike Velleuer, Ferdinand Molnâar.</subfield>
  </datafield>
  <datafield tag="264" ind1=" " ind2="4">
   <subfield code="a">Cham, Switzerland</subfield>
   <subfield code="b">Springer</subfield>
   <subfield code="c">[2023]</subfield>
  </datafield>
  <datafield tag="300" ind1=" " ind2=" ">
   <subfield code="a">xxxiv, 700 pages</subfield>
   <subfield code="b">illustrations (some color)</subfield>
   <subfield code="c">24 cm</subfield>
  </datafield>
  <datafield tag="336" ind1=" " ind2=" ">
   <subfield code="a">text</subfield>
   <subfield code="2">rdacontent</subfield>
  </datafield>
  <datafield tag="337" ind1=" " ind2=" ">
   <subfield code="a">unmediated</subfield>
   <subfield code="2">rdamedia</subfield>
  </datafield>
  <datafield tag="338" ind1=" " ind2=" ">
   <subfield code="a">volume</subfield>
   <subfield code="2">rdacarrier</subfield>
  </datafield>
  <datafield tag="504" ind1=" " ind2=" ">
   <subfield code="a">Includes bibliographical references.</subfield>
  </datafield>
  <datafield tag="505" ind1="0" ind2=" ">
   <subfield code="a">1. The human genome and its variations -- 2. Gene expression and chromatin -- 3. The basal transcriptional machinery -- 4. Transcription factors and signal transduction -- 5. A key transcription factor family: Nuclear receptors -- 6. DNA methylation -- 7. Histone modifications -- 8. Chromatin remodeling and organization -- 9. Regulatory impact of non-coding RNA -- 10. Genome-wide principles of gene regulation -- 11. Epigenetics in development -- 12. Epigenetics and aging -- 13. Epigenetics and disease -- 14. Cells and tissues of the immune system -- 15. Innate immunity and inflammation -- 16. Adaptive immunity and antigen receptor diversity -- 17. B cell immunity: BCRs, antibodies and their effector functions -- 18. Antigen-presenting cells and MHCs -- 19. T cell immunity: TCRs and their effector functions -- 20. Immunity to bacterial pathogens and the microbiome -- 21. Immunity to viral pathogens and the virome -- 22. Tolerance and transplantation immunology -- 23. Immunological hypersensitivities: Allergy and autoimmunity -- 24. Introduction to cancer -- 25. Oncogenes, signal transduction and the hallmarks of cancer -- 26 Tumor suppressor genes and cell fate control -- 27. Multistep tumorigenesis and genome instability -- 28. Cancer genomics -- 29. Cancer epigenomics.-30. Aging and cancer -- 31. Tumor microenvironment -- 32 Metastasis and cachexia -- 33. Cancer immunology -- 34 Architecture of cancer therapies -- 35 Nutrition and common diseases -- 36 Interference of the human genome with nutrients -- 37. Nutritional epigenetics, signaling and aging -- 38. Chronic inflammation and metabolic stress -- 39. Obesity -- 40. Insulin resistance and diabetes -- 41. Heart disease and the metabolic syndrome -- 42 Epigenetics, inflammation and disease.</subfield>
  </datafield>
  <datafield tag="650" ind1=" " ind2="0">
   <subfield code="a">Human physiology.</subfield>
  </datafield>
  <datafield tag="650" ind1=" " ind2="0">
   <subfield code="a">Molecular biology.</subfield>
  </datafield>
  <datafield tag="700" ind1="0" ind2=" ">
   <subfield code="a">Velleuer, Eunike</subfield>
   <subfield code="e">author.</subfield>
  </datafield>
  <datafield tag="700" ind1="1" ind2=" ">
   <subfield code="a">Molnar, Ferdinand</subfield>
   <subfield code="e">author.</subfield>
  </datafield>
  <datafield tag="905" ind1=" " ind2=" ">
   <subfield code="a">FO</subfield>
  </datafield>
  <datafield tag="852" ind1="0" ind2=" ">
   <subfield code="a">UPD</subfield>
   <subfield code="b">DIMBB</subfield>
   <subfield code="h">QH 506</subfield>
   <subfield code="i">C37 2023</subfield>
  </datafield>
  <datafield tag="942" ind1=" " ind2=" ">
   <subfield code="a">Book</subfield>
  </datafield>
 </record>
</collection>
